000 00922nam a2200265 a 4500
999 _c5012
_d5012
001 012154116
003 ALUPE UNIVERSITY
005 20220401113255.0
008 961025s1992 enka 001 0 eng d
020 _a0194424464
040 _cALUPE UNIVERSITY
050 _aQP141
_b.K56 1992
092 _aD0504396423
100 1 _aSavage King, F.
_q(Felicity),
_d1939-
245 1 0 _aNutrition for developing countries
250 _a2nd ed., ELBS low-priced ed. /
_bFelicity Savage King, Ann Burgess
260 _aOxford :
_bELBS with Oxford University Press,
_cc1992.
300 _axv, 461 p. :
_bill. ;
_c26 cm
500 _aPrevious ed. by Maurice H. King ... [et al.] published in 1972
504 _aIncludes bibliography and index
650 0 _aNutrition
_zDeveloping countries
700 1 _aBurgess, Ann
_c(Nutrition consultant)
942 _2lcc
_cBK
_nCM